[Event "Standard Master Norm 30+1 (1800-2200)"]
[Site "SchemingMind.com"]
[Date "2009.04.06"]
[Round "-"]
[White "Kid A"]
[Black "sthorwall"]
[Result "0-1"]
[WhiteCountry "FIN"]
[BlackCountry "USA"]
[WhiteElo "1890"]
[WhiteRD "82"]
[BlackElo "1839"]
[BlackRD "57"]
[GameID "199503"]

1. e4 e5 2. Nf3 Nc6 3. Bb5 a6 4. Ba4 Nf6 5. O-O Nxe4 6. Re1 Nc5 7. Nxe5 Nxe5 8. Rxe5+ Be7 9. Nc3 O-O 10. d4 Nxa4
11. Nxa4 Bf6 12. Re3 d5 13. Nc3 c5 14. Ne2 b6 15. c3 Bg4 16. f3 Bf5 17. dxc5 bxc5 18. Ng3 Bg6 19. Re2 d4 20. cxd4 cxd4
21. Ne4 d3 22. Nxf6+ Qxf6 23. Rd2 Qd4+ 24. Kh1 Rfe8 25. Qg1 Qxg1+ 26. Kxg1 Re1+ 27. Kf2 Rae8 28. b3 f5 29. f4 R8e2+ 30. Rxe2 Rxe2+
31. Kf1 Bh5 32. h3 d2 33. Ba3 Re3
0-1

[Event "Standard Master Norm 30+1 (1800-2200)"]
[Site "SchemingMind.com"]
[Date "2009.04.06"]
[Round "-"]
[White "sthorwall"]
[Black "Kid A"]
[Result "0-1"]
[WhiteCountry "USA"]
[BlackCountry "FIN"]
[WhiteElo "1839"]
[WhiteRD "57"]
[BlackElo "1890"]
[BlackRD "82"]
[GameID "199504"]

1. e4 e5 2. d4 exd4 3. Nf3 d5 4. Qxd4 Nf6 5. exd5 Qxd5 6. Nc3 Qxd4 7. Nxd4 Bb4 8. Nb5 Na6 9. Bf4 O-O 10. Nxc7 Nxc7
11. Bxc7 Re8+ 12. Kd1 Bxc3 13. bxc3 Ne4 14. Bg3 Nxc3+ 15. Kd2 Ne4+ 16. Kd1 Bg4+ 17. f3 Rad8+ 18. Bd3 Nxg3 19. hxg3 Bf5 20. Kd2 Rd7
21. Rae1 Red8 22. Re3 g6 23. g4 Bxd3 24. Rxd3 Kg7 25. f4 f6 26. Rh3 Rxd3+ 27. Rxd3 Rxd3+ 28. cxd3 Kf7 29. Ke3 Ke6 30. Kd4 Kd6
31. Ke4 b5 32. a3 Kc5 33. d4+ Kd6 34. g5 f5+ 35. Kd3 Kd5 36. Kc3 a5 37. Kd3 b4 38. a4 b3 39. Kc3 b2 40. Kxb2 Kxd4
41. Kb3 Kd3 42. g3 Kd4
0-1

[Event "Standard Master Norm 30+1 (1800-2200)"]
[Site "SchemingMind.com"]
[Date "2009.04.06"]
[Round "-"]
[White "Milan"]
[Black "Kid A"]
[Result "1-0"]
[WhiteCountry "CZE"]
[BlackCountry "FIN"]
[WhiteElo "1834"]
[WhiteRD "62"]
[BlackElo "1890"]
[BlackRD "82"]
[GameID "199552"]

1. d4 d5 2. Nf3 Bf5 3. e3 Nf6 4. c4 e6 5. Qb3 b6 6. Nc3 Be7 7. Nh4 dxc4 8. Qxc4 Be4 9. Nxe4 Nxe4 10. Nf3 c5
11. Qa4+ Nd7 12. Bb5 cxd4 13. exd4 Nf6 14. Ne5 a6 15. Bc6 b5 16. Qb3 O-O 17. Nxd7 Nxd7 18. Bxa8 Qxa8 19. O-O Bf6 20. Be3 Qe4
21. Rad1 Nb6 22. Rfe1 Nd5 23. Bg5 Qg4 24. Bxf6 Nxf6 25. Qg3 Qf5 26. Qd3 Qd5 27. b3 Rd8 28. Re5 Qd6 29. Rc5 Ne4 30. Rc2 Nf6
31. Rdc1 Ng4 32. h3 Qh2+ 33. Kf1 Nf6 34. Rc8 Rf8 35. Qf3 Nd5 36. Rxf8+ Kxf8 37. Rc8+ Ke7 38. g4 Nf4 39. Ra8 Qxh3+ 40. Qxh3 Nxh3
41. Rxa6 Nf4 42. Rb6
1-0

[Event "Standard Master Norm 30+1 (1800-2200)"]
[Site "SchemingMind.com"]
[Date "2009.04.06"]
[Round "-"]
[White "Milan"]
[Black "sthorwall"]
[Result "1/2-1/2"]
[WhiteCountry "CZE"]
[BlackCountry "USA"]
[WhiteElo "1834"]
[WhiteRD "62"]
[BlackElo "1839"]
[BlackRD "57"]
[GameID "199553"]

1. d4 d5 2. Nf3 Nf6 3. e3 e6 4. Bd3 c5 5. c3 Nc6 6. Nbd2 Bd6 7. O-O O-O 8. dxc5 Bxc5 9. e4 dxe4 10. Nxe4 Nxe4
11. Bxe4 Qc7 12. Qc2 f5 13. Bd3 Ne5 14. Nxe5 Qxe5 15. Bd2 Bd7 16. Rae1 Qc7 17. Qb3 Kh8 18. Be3 Bd6 19. h3 f4 20. Bc1 f3
21. Qc2 fxg2 22. Kxg2 Bc6+ 23. Be4 Rf6 24. Bxc6 Qxc6+ 25. Qe4 Qb6 26. Re2 Rg6+ 27. Kh1 Rf8 28. Be3 Bc5 29. Rg1 Rxg1+ 30. Kxg1 Bxe3
31. Qxe3 Qxe3 32. Rxe3=
1/2-1/2

[Event "Standard Master Norm 30+1 (1800-2200)"]
[Site "SchemingMind.com"]
[Date "2009.04.07"]
[Round "-"]
[White "Kid A"]
[Black "Milan"]
[Result "1-0"]
[WhiteCountry "FIN"]
[BlackCountry "CZE"]
[WhiteElo "1890"]
[WhiteRD "82"]
[BlackElo "1834"]
[BlackRD "62"]
[GameID "199554"]

1. Nf3 Nf6 2. d4 d5 3. e3 e6 4. c4 c6 5. Nc3 Bd6 6. Bd3 dxc4 7. Bxc4 b5 8. Bd3 Bb7 9. O-O O-O 10. e4 Bc7
11. e5 Nd5 12. Bxh7+ Kh8 13. Be4
1-0

[Event "Standard Master Norm 30+1 (1800-2200)"]
[Site "SchemingMind.com"]
[Date "2009.04.06"]
[Round "-"]
[White "sthorwall"]
[Black "Milan"]
[Result "1-0"]
[WhiteCountry "USA"]
[BlackCountry "CZE"]
[WhiteElo "1839"]
[WhiteRD "57"]
[BlackElo "1834"]
[BlackRD "62"]
[GameID "199555"]

1. e4 c6 2. d4 d5 3. e5 Bf5 4. Nc3 e6 5. g4 Bg6 6. Nge2 Ne7 7. f4 h5 8. f5 Bh7 9. fxe6 fxe6 10. Nf4 Ng6
11. Nxh5 Qh4+ 12. Ng3 c5 13. Nb5 Nc6 14. Nc7+ Kd7 15. Nxa8 cxd4 16. c3 Ngxe5 17. Qb3 Kc8 18. Bf4 Bd6 19. cxd4 Nxd4 20. Qc3+ Ndc6
21. Rc1 Kb8 22. Bxe5 Bxe5 23. Qe3 Be4 24. Nb6 axb6 25. Rxc6 Bxg3+ 26. hxg3 Qxh1 27. Qf4+ Ka7 28. Rc3
1-0

[Event "Standard Master Norm 30+1 (1800-2200)"]
[Site "SchemingMind.com"]
[Date "2009.04.06"]
[Round "-"]
[White "Zagloba"]
[Black "Kid A"]
[Result "1-0"]
[WhiteCountry "POL"]
[BlackCountry "FIN"]
[WhiteElo "1881"]
[WhiteRD "80"]
[BlackElo "1890"]
[BlackRD "82"]
[GameID "199556"]

1. d4 d5 2. c4 e6 3. Nc3 Nf6 4. Bg5 Be7 5. e3 O-O 6. Nf3 c6 7. Qc2 Nbd7 8. O-O-O dxc4 9. Bxc4 b5 10. Bd3 a5
11. Bxf6 Bxf6 12. Bxh7+ Kh8 13. Bd3 a4 14. Ne4
1-0

[Event "Standard Master Norm 30+1 (1800-2200)"]
[Site "SchemingMind.com"]
[Date "2009.04.06"]
[Round "-"]
[White "Zagloba"]
[Black "Milan"]
[Result "0-1"]
[WhiteCountry "POL"]
[BlackCountry "CZE"]
[WhiteElo "1881"]
[WhiteRD "80"]
[BlackElo "1834"]
[BlackRD "62"]
[GameID "199557"]

1. d4 d5 2. c4 c6 3. Nf3 Nf6 4. Nc3 a6 5. e3 b5 6. b3 Bg4 7. Be2 e6 8. Ne5 Bxe2 9. Qxe2 Nbd7 10. Nxc6 Qc7
11. cxb5 axb5 12. Qxb5 Rc8
0-1

[Event "Standard Master Norm 30+1 (1800-2200)"]
[Site "SchemingMind.com"]
[Date "2009.04.06"]
[Round "-"]
[White "Zagloba"]
[Black "sthorwall"]
[Result "0-1"]
[WhiteCountry "POL"]
[BlackCountry "USA"]
[WhiteElo "1847"]
[WhiteRD "75"]
[BlackElo "1883"]
[BlackRD "59"]
[GameID "199558"]

1. d4 d5 2. c4 e6 3. Nc3 Nf6 4. Bg5 Be7 5. e3 Nbd7 6. Nf3 O-O 7. Qc2 c6 8. O-O-O dxc4 9. Bxc4 b5 10. Bd3 Bb7
11. Bxf6 Nxf6 12. Ne4 Nxe4 13. Bxe4 f5 14. Bd3 Rc8 15. Kb1 c5 16. dxc5 Rxc5 17. Qb3 Bd5
0-1

[Event "Standard Master Norm 30+1 (1800-2200)"]
[Site "SchemingMind.com"]
[Date "2009.04.07"]
[Round "-"]
[White "Kid A"]
[Black "Zagloba"]
[Result "0-1"]
[WhiteCountry "FIN"]
[BlackCountry "POL"]
[WhiteElo "1786"]
[WhiteRD "92"]
[BlackElo "1882"]
[BlackRD "74"]
[GameID "199559"]

1. e4 e6 2. d4 d5 3. Nc3 Nf6 4. Bg5 Be7 5. e5 Nfd7 6. Bxe7 Qxe7 7. f4 a6 8. Qg4 f5 9. Qh5+ Qf7 10. Qxf7+ Kxf7
11. Nf3 h6 12. h3 b6 13. g4 g6 14. Bd3 Bb7 15. Ne2 c5 16. c3 Nc6 17. Rc1 c4 18. Bb1 b5 19. Nh4 Ne7 20. Rg1 Rag8
21. Ng3 g5 22. gxf5 gxh4 23. fxe6+ Kxe6 24. f5+ Kf7 25. e6+ Kf8 26. exd7 Kf7 27. Ne2 Rg5= 28. Rf1 Bc6 29. Ng1 Bxd7 30. Nf3 Kf6
31. Nxg5 hxg5 32. b3 Nxf5 33. Bxf5 Bxf5 34. Rc2 Re8+ 35. Kd1 Kg6 36. Rcf2 Bxh3 37. Rf6+ Kh5 38. R1f2 Re3 39. Rxa6 Rxc3 40. bxc4 bxc4
41. a4 Rd3+ 42. Kc2 Rxd4 43. Kc3 Re4 44. Kb4 Rf4 45. Rxf4 gxf4 46. Rd6 Bg2 47. a5 h3 48. a6 h2 49. a7 d4
0-1

[Event "Standard Master Norm 30+1 (1800-2200)"]
[Site "SchemingMind.com"]
[Date "2009.04.07"]
[Round "-"]
[White "Milan"]
[Black "Zagloba"]
[Result "1-0"]
[WhiteCountry "CZE"]
[BlackCountry "POL"]
[WhiteElo "1790"]
[WhiteRD "56"]
[BlackElo "1847"]
[BlackRD "75"]
[GameID "199560"]

1. d4 Nf6 2. Nf3 g6 3. e3 Bg7 4. Be2 d5 5. O-O O-O 6. c3 b6 7. Nbd2 Bb7 8. c4 Nbd7 9. b4 dxc4 10. Nxc4 Ne4
11. Bb2 Nd6 12. Nxd6 cxd6 13. Rc1 e5 14. dxe5 dxe5 15. a3 Re8 16. Qa4 a6 17. Rfd1 b5 18. Qb3 Bc8 19. Qd5 Ra7 20. Nxe5 Qf6
21. Nc4 Qxb2 22. Nxb2 Bxb2 23. Rc2 Nb6 24. Qa2 Bg7 25. Rcd2 Be6 26. Qb1 Bf6 27. Rd6 Na4 28. Rc6 Nc3 29. Qb2 Nd5 30. Qc2 Bf5
31. Bd3 Be6 32. Be4
1-0

[Event "Standard Master Norm 30+1 (1800-2200)"]
[Site "SchemingMind.com"]
[Date "2009.04.07"]
[Round "-"]
[White "sthorwall"]
[Black "Zagloba"]
[Result "1-0"]
[WhiteCountry "USA"]
[BlackCountry "POL"]
[WhiteElo "1883"]
[WhiteRD "59"]
[BlackElo "1847"]
[BlackRD "75"]
[GameID "199561"]

1. e4 d6 2. d4 Nf6 3. Nc3 c6 4. Nf3 Bg4 5. h3 Bh5 6. e5 dxe5 7. dxe5 Qxd1+ 8. Kxd1 Bxf3+ 9. gxf3 Nd5 10. Bd2 e6
11. Rg1 Nd7 12. Nxd5 exd5 13. f4 g6 14. c4 dxc4 15. Bxc4 Nc5 16. Be3 b5 17. Be2 O-O-O+ 18. Kc2 Bh6 19. Bxc5
1-0

[Event "Standard Master Norm 30+1 (1800-2200)"]
[Site "SchemingMind.com"]
[Date "2009.04.07"]
[Round "-"]
[White "Norsland"]
[Black "Kid A"]
[Result "1-0"]
[WhiteCountry "USA"]
[BlackCountry "FIN"]
[WhiteElo "1931"]
[WhiteRD "71"]
[BlackElo "1827"]
[BlackRD "84"]
[GameID "199605"]

1. Nc3 d5 2. e4 d4 3. Nce2 e5 4. Nf3 Nc6 5. Ng3 Bd6 6. a3 Nf6 7. d3 Bg4 8. Be2 O-O 9. h3 Bd7 10. Bg5 h6
11. Bxf6 Qxf6 12. Nh5 Qg6 13. Nh4 Qg5 14. Bg4 Qxh4 15. Bxd7 g6 16. Ng3 Nb8 17. Ba4 c6 18. Qg4 Qxg4 19. hxg4 Kg7 20. Ke2 Nd7
21. Bb3 Nc5 22. Ba2 Ne6 23. Bxe6 fxe6 24. f3 b5 25. Kf2 c5 26. Nf1 a5 27. Nd2 Rf7 28. a4 b4 29. b3 Raf8 30. Rh3 Rh8
31. Rah1 Bf8 32. g5 h5 33. g4 Rf4 34. gxh5 gxh5 35. Rxh5 Rxh5 36. Rxh5 Kg6 37. Rh3 Kxg5 38. Nc4
1-0

[Event "Standard Master Norm 30+1 (1800-2200)"]
[Site "SchemingMind.com"]
[Date "2009.04.07"]
[Round "-"]
[White "Norsland"]
[Black "Milan"]
[Result "1-0"]
[WhiteCountry "USA"]
[BlackCountry "CZE"]
[WhiteElo "1931"]
[WhiteRD "76"]
[BlackElo "1790"]
[BlackRD "56"]
[GameID "199606"]

1. Nc3 Nf6 2. e4 c6 3. Nf3 e6 4. Be2 Be7 5. O-O O-O 6. e5 Nd5 7. Nxd5 cxd5 8. d4 d6 9. h3 dxe5 10. dxe5 Nc6
11. Bf4 f6 12. Bg3 fxe5 13. Nxe5 Nxe5 14. Bxe5 Bf6 15. Bxf6 Qxf6 16. c3 e5 17. Qxd5+ Be6 18. Qe4 Rab8 19. Bg4 Bxg4 20. Qxg4 Qf5
21. Qxf5 Rxf5 22. Rfe1 Re8 23. Re2 h5 24. Rd1 Rf7 25. Rd5 Rfe7 26. f3 Kf7 27. Kf2 b6 28. f4 exf4 29. Rxe7+ Kxe7 30. Re5+ Kf7
31. Rxe8 Kxe8 32. Kf3 Kf7 33. Kxf4 Kf6 34. g4 hxg4 35. hxg4 g5+ 36. Ke4
1-0

[Event "Standard Master Norm 30+1 (1800-2200)"]
[Site "SchemingMind.com"]
[Date "2009.04.07"]
[Round "-"]
[White "Norsland"]
[Black "Zagloba"]
[Result "1/2-1/2"]
[WhiteCountry "USA"]
[BlackCountry "POL"]
[WhiteElo "1931"]
[WhiteRD "71"]
[BlackElo "1819"]
[BlackRD "75"]
[GameID "199607"]

1. Nc3 Nf6 2. e4 e5 3. f4 d5 4. fxe5 Nxe4 5. Nf3 Be7 6. Bd3 Nc5 7. Qe2 Nxd3+ 8. Qxd3 c6 9. Qe3 O-O 10. d4 f6
11. Bd2 fxe5 12. Nxe5 Nd7 13. O-O-O Nxe5 14. Qxe5 Bd6 15. Qe2 Bf5 16. g4 Bg6 17. h4 Re8 18. Qg2 Be4 19. Nxe4 Rxe4 20. c3 Qd7
21. g5 Rf8 22. Rdf1 Bf4 23. Rh3 Bxd2+ 24. Kxd2 Rfe8 25. Rf2 Qe6 26. Qf3 Re1 27. h5 Ra1 28. a3 Qe1+ 29. Kc2 Qb1+ 30. Kb3 Qa2+
31. Kc2 Qb1+ 32. Kb3 Qa2+=
1/2-1/2

[Event "Standard Master Norm 30+1 (1800-2200)"]
[Site "SchemingMind.com"]
[Date "2009.04.07"]
[Round "-"]
[White "Norsland"]
[Black "sthorwall"]
[Result "1-0"]
[WhiteCountry "USA"]
[BlackCountry "USA"]
[WhiteElo "1931"]
[WhiteRD "71"]
[BlackElo "1904"]
[BlackRD "63"]
[GameID "199608"]

1. Nc3 e5 2. Nf3 Nc6 3. d4 exd4 4. Nxd4 Nf6 5. g3 d5 6. a3 Nxd4 7. Qxd4 c5 8. Qe5+ Be6 9. Bg5 Bd6 10. Bxf6 Bxe5
11. Bxd8 Rxd8 12. Bg2 O-O 13. Nd1 Rd7 14. f4 Bf6 15. Kf2 d4 16. Bf3 Re8 17. Re1 c4 18. Kg2 d3 19. cxd3 cxd3 20. e4 Bd5
21. e5 Bxf3+ 22. Kxf3 d2 23. Re2 Bd8 24. b4 f6 25. exf6 Rxe2 26. Kxe2 Bxf6 27. Ra2 Re7+ 28. Kxd2 Bd4 29. Nc3 Bxc3+ 30. Kxc3 Kf7
31. Kd3 b5 32. Re2 Rd7+ 33. Ke4 Re7+ 34. Kf3 Rxe2 35. Kxe2 Ke6 36. g4 Kd5 37. Kd3 g6 38. g5 a6 39. h3 Ke6 40. Ke4 Kd6
41. f5
1-0

[Event "Standard Master Norm 30+1 (1800-2200)"]
[Site "SchemingMind.com"]
[Date "2009.04.07"]
[Round "-"]
[White "Kid A"]
[Black "Norsland"]
[Result "0-1"]
[WhiteCountry "FIN"]
[BlackCountry "USA"]
[WhiteElo "1827"]
[WhiteRD "84"]
[BlackElo "1931"]
[BlackRD "71"]
[GameID "199609"]

1. e4 Nc6 2. Nf3 e5 3. Bc4 Nf6 4. c3 d5 5. exd5 Nxd5 6. O-O Nb6 7. Bb5 Bg4 8. Re1 Bd6 9. d4 O-O 10. Bxc6 bxc6
11. dxe5 Be7 12. Qxd8 Rfxd8 13. Nd4 c5 14. Nc6 Re8 15. Be3 Bf8 16. Nd2 Re6 17. Na5 Rxe5 18. Nac4 Re6 19. h3 Bh5 20. Bf4 Rxe1+
21. Rxe1 Nd5 22. Bh2 f6 23. Nb3 Bf7 24. Nbd2 Nb6 25. Nxb6 cxb6 26. b3 Rd8 27. Nf3 Bd5 28. Rd1 Be7 29. Nh4 g6 30. Bc7 Rd7
31. Bg3 Kf7 32. Kf1 Bxg2+
0-1

[Event "Standard Master Norm 30+1 (1800-2200)"]
[Site "SchemingMind.com"]
[Date "2009.04.07"]
[Round "-"]
[White "Milan"]
[Black "Norsland"]
[Result "0-1"]
[WhiteCountry "CZE"]
[BlackCountry "USA"]
[WhiteElo "1790"]
[WhiteRD "56"]
[BlackElo "1931"]
[BlackRD "76"]
[GameID "199610"]

1. d4 Nf6 2. Nf3 c5 3. dxc5 e6 4. a3 Bxc5 5. b4 Be7 6. c4 O-O 7. Bb2 Qc7 8. c5 a5 9. Be5 Qc6 10. e3 axb4
11. Bxb8 Rxb8 12. axb4 d6 13. Nd4 Qc7 14. Nb5 Qc6 15. Nd4 Qc7 16. Nb5 Qd7 17. cxd6 Rd8 18. N1c3 Bxd6 19. Qxd6 Qxd6 20. Nxd6 Rxd6
21. Rd1 Rxd1+ 22. Kxd1 Bd7 23. g3 Bc6 24. Rg1 Ng4 25. Bg2 Nxf2+ 26. Ke2 Ng4 27. b5 Bxg2 28. Rxg2 Rc8 29. Kd3 Nxe3 30. Kxe3 Rxc3+
31. Kd4 Rc7 32. Ra2 f6 33. Re2 Kf7 34. Ra2 Ke7 35. Re2 Kd6
0-1

[Event "Standard Master Norm 30+1 (1800-2200)"]
[Site "SchemingMind.com"]
[Date "2009.04.07"]
[Round "-"]
[White "Zagloba"]
[Black "Norsland"]
[Result "0-1"]
[WhiteCountry "POL"]
[BlackCountry "USA"]
[WhiteElo "1847"]
[WhiteRD "75"]
[BlackElo "1931"]
[BlackRD "76"]
[GameID "199611"]

1. e4 c5 2. Nf3 d6 3. d4 cxd4 4. Nxd4 Nf6 5. Nc3 a6 6. h3 e6 7. g4 h6 8. Bg2 Qc7 9. O-O Be7 10. Be3 Nc6
11. f4 Nd7 12. Qf3 Bf6 13. Nxe6 fxe6 14. g5 hxg5 15. fxg5 Nde5 16. Qg3 Be7
0-1

[Event "Standard Master Norm 30+1 (1800-2200)"]
[Site "SchemingMind.com"]
[Date "2009.04.07"]
[Round "-"]
[White "sthorwall"]
[Black "Norsland"]
[Result "1-0"]
[WhiteCountry "USA"]
[BlackCountry "USA"]
[WhiteElo "1883"]
[WhiteRD "59"]
[BlackElo "1931"]
[BlackRD "76"]
[GameID "199612"]

1. e4 c5 2. Nf3 d6 3. d4 cxd4 4. Nxd4 Nf6 5. Nc3 a6 6. Be3 e6 7. a4 Qc7 8. Be2 Nbd7 9. f3 b6 10. O-O Bb7
11. Qd2 d5 12. exd5 Nxd5 13. Nxd5 Bxd5 14. Rfd1 Bd6 15. g3 h5 16. c4 Bxc4 17. Rdc1 Bxg3 18. Rxc4 Bxh2+ 19. Kh1 Qg3 20. Bf1 Ne5
21. Qxh2 Qxh2+ 22. Kxh2 Nxc4 23. Bxc4
1-0

[Event "Standard Master Norm 30+1 (1800-2200)"]
[Site "SchemingMind.com"]
[Date "2009.04.07"]
[Round "-"]
[White "n_antonov"]
[Black "Kid A"]
[Result "1-0"]
[WhiteCountry "BUL"]
[BlackCountry "FIN"]
[WhiteElo "2255"]
[WhiteRD "58"]
[BlackElo "1827"]
[BlackRD "84"]
[GameID "199640"]

1. d4 d5 2. c4 e6 3. Nc3 Nf6 4. Bg5 Be7 5. e3 O-O 6. Rc1 c6 7. Nf3 Nbd7 8. Bd3 dxc4 9. Bxc4 Nd5 10. Bxe7 Qxe7
11. Ne4 f5 12. Ned2 N7b6 13. Be2 Qf6 14. O-O Nd7 15. Nc4 c5 16. Qd2 b6 17. Nfe5 Qe7 18. Nc6 Qe8 19. N4e5 Nxe5 20. Nxe5 cxd4
21. Qxd4 Bb7 22. Rfd1 Rc8 23. Rxc8 Qxc8 24. Bc4 Rd8 25. Nf3 Qd7 26. e4 fxe4 27. Qxe4 Re8 28. Re1 Nf6 29. Qxe6+ Qxe6 30. Rxe6 Rxe6
31. Bxe6+ Kf8 32. Nd4 Ke7 33. f4 Ne4 34. g4 Nf6 35. Kf2 Bd5 36. Bxd5 Nxd5 37. Kf3 g6 38. Nc6+
1-0

[Event "Standard Master Norm 30+1 (1800-2200)"]
[Site "SchemingMind.com"]
[Date "2009.04.07"]
[Round "-"]
[White "n_antonov"]
[Black "Milan"]
[Result "1-0"]
[WhiteCountry "BUL"]
[BlackCountry "CZE"]
[WhiteElo "2218"]
[WhiteRD "63"]
[BlackElo "1834"]
[BlackRD "62"]
[GameID "199641"]

1. e4 c6 2. Nf3 d5 3. Nc3 Bg4 4. h3 Bxf3 5. Qxf3 d4 6. Ne2 e5 7. c3 dxc3 8. dxc3 Qf6 9. Qg4 Qe6 10. Qxe6+ fxe6
11. Ng3 Bd6 12. Bc4 Ke7 13. Bg5+ Nf6 14. Nh5 h6 15. Bxf6+ gxf6 16. Ng7 Rg8 17. Nf5+ Kd7 18. O-O-O
1-0

[Event "Standard Master Norm 30+1 (1800-2200)"]
[Site "SchemingMind.com"]
[Date "2009.04.07"]
[Round "-"]
[White "n_antonov"]
[Black "Norsland"]
[Result "1-0"]
[WhiteCountry "BUL"]
[BlackCountry "USA"]
[WhiteElo "2255"]
[WhiteRD "58"]
[BlackElo "1931"]
[BlackRD "71"]
[GameID "199642"]

1. d4 Nf6 2. c4 c5 3. d5 b5 4. cxb5 a6 5. bxa6 g6 6. Nc3 Bxa6 7. e4 Bxf1 8. Kxf1 d6 9. g3 Bg7 10. Bg5 Nbd7
11. Nf3 Qb8 12. Rb1 O-O 13. Qd2 Qb7 14. Kg2 Rfb8 15. h3 Nb6 16. b3 Ra6 17. Rhe1 Rba8 18. a4 Rc8 19. Nb5 Qa8 20. Qe2 h6
21. Bd2 Nbd7 22. a5 Qb7 23. Na3 Rb8 24. b4 cxb4 25. Rxb4 Qa8 26. Rxb8+ Nxb8 27. Nb5 Rxa5 28. Bxa5 Qxa5 29. Nfd4 Nfd7 30. Nc6 Nxc6
31. dxc6 Nc5 32. c7 Qa8 33. Na7
1-0

[Event "Standard Master Norm 30+1 (1800-2200)"]
[Site "SchemingMind.com"]
[Date "2009.04.07"]
[Round "-"]
[White "n_antonov"]
[Black "Zagloba"]
[Result "1-0"]
[WhiteCountry "BUL"]
[BlackCountry "POL"]
[WhiteElo "2204"]
[WhiteRD "65"]
[BlackElo "1847"]
[BlackRD "75"]
[GameID "199643"]

1. e4 e6 2. d4 d5 3. Nc3 Bb4 4. e5 b6 5. Qg4 Bf8 6. Bg5 Qd7 7. f4 Nc6 8. Nf3 Bb7 9. a3 h6 10. Bh4 Nge7
11. Bd3 O-O-O 12. O-O-O Re8 13. Qh3 Nf5 14. Bf2 g6 15. g4 Ng7 16. Kb1 Na5 17. Bh4 Be7 18. Bxe7 Qxe7 19. f5 gxf5 20. gxf5 Nxf5
21. Bxf5 exf5 22. Nh4 Kb8 23. Nxf5 Qe6 24. Qd3 Reg8 25. Rhf1 Rg5 26. Ne3 Rg6 27. Ne2 Qe8 28. Nf4
1-0

[Event "Standard Master Norm 30+1 (1800-2200)"]
[Site "SchemingMind.com"]
[Date "2009.04.07"]
[Round "-"]
[White "n_antonov"]
[Black "sthorwall"]
[Result "1/2-1/2"]
[WhiteCountry "BUL"]
[BlackCountry "USA"]
[WhiteElo "2218"]
[WhiteRD "63"]
[BlackElo "1839"]
[BlackRD "57"]
[GameID "199644"]

1. d4 d5 2. c4 e6 3. Nc3 Nf6 4. Bg5 Bb4 5. e3 c5 6. cxd5 Qa5 7. Bxf6 Bxc3+ 8. bxc3 Qxc3+ 9. Ke2 Qb2+ 10. Kf3 gxf6
11. Qc1 Qxc1 12. Rxc1 Nd7 13. dxe6 fxe6 14. dxc5 Rg8 15. Bb5 a6 16. Ba4 Ke7 17. Ke2=
1/2-1/2

[Event "Standard Master Norm 30+1 (1800-2200)"]
[Site "SchemingMind.com"]
[Date "2009.04.07"]
[Round "-"]
[White "Kid A"]
[Black "n_antonov"]
[Result "0-1"]
[WhiteCountry "FIN"]
[BlackCountry "BUL"]
[WhiteElo "1890"]
[WhiteRD "82"]
[BlackElo "2218"]
[BlackRD "63"]
[GameID "199645"]

1. e4 e6 2. d4 d5 3. Nc3 Nf6 4. Bg5 dxe4 5. Nxe4 Be7 6. Bxf6 Bxf6 7. Nf3 O-O 8. Qd2 Nd7 9. O-O-O b6 10. Bb5 Bb7
11. Nxf6+ Nxf6 12. Ne5 Qd5 13. Bc4 Qxg2 14. Rhg1 Ne4 15. Qh6 gxh6 16. Rxg2+ Kh8 17. Rdg1 Nd6 18. d5 exd5 19. Bd3 f5 20. Rg7 Rg8
21. Rxg8+ Rxg8 22. Rg3 Rxg3 23. hxg3 Ne4 24. g4 fxg4 25. Nxg4 h5 26. Bxe4 hxg4 27. Bf5 h5 28. Kd2 d4 29. Kd3 Bf3
0-1

[Event "Standard Master Norm 30+1 (1800-2200)"]
[Site "SchemingMind.com"]
[Date "2009.04.07"]
[Round "-"]
[White "Milan"]
[Black "n_antonov"]
[Result "0-1"]
[WhiteCountry "CZE"]
[BlackCountry "BUL"]
[WhiteElo "1834"]
[WhiteRD "62"]
[BlackElo "2218"]
[BlackRD "63"]
[GameID "199646"]

1. d4 d5 2. Nf3 Nf6 3. e3 e6 4. Bd3 c5 5. c3 Nc6 6. Nbd2 Bd6 7. O-O O-O 8. dxc5 Bxc5 9. e4 Qc7 10. Qe2 h6
11. Bc2 b6 12. Kh1 a5 13. Bd3 a4 14. Re1 Ng4 15. Rf1 Bb7 16. h3 Nge5 17. Bb5 Nxf3 18. gxf3 Qf4 19. Nb3 Qh4 20. Nxc5 Qxh3+
21. Kg1 Ne5
0-1

[Event "Standard Master Norm 30+1 (1800-2200)"]
[Site "SchemingMind.com"]
[Date "2009.04.08"]
[Round "-"]
[White "Norsland"]
[Black "n_antonov"]
[Result "0-1"]
[WhiteCountry "USA"]
[BlackCountry "BUL"]
[WhiteElo "1931"]
[WhiteRD "71"]
[BlackElo "2255"]
[BlackRD "58"]
[GameID "199647"]

1. Nc3 d5 2. e4 d4 3. Nce2 e5 4. Nf3 Nf6 5. Ng3 Bd6 6. Be2 O-O 7. d3 h6 8. O-O Be6 9. h3 Nc6 10. Nh2 Ne7
11. Bg4 Nxg4 12. hxg4 c5 13. Nf5 c4 14. Qf3 Re8 15. g5 hxg5 16. Bxg5 Bxf5 17. exf5 cxd3 18. cxd3 f6 19. Ng4 Rf8 20. Nh6+ gxh6
21. Bxh6 Rf7 22. Rae1 Qd7
0-1

[Event "Standard Master Norm 30+1 (1800-2200)"]
[Site "SchemingMind.com"]
[Date "2009.04.07"]
[Round "-"]
[White "Zagloba"]
[Black "n_antonov"]
[Result "0-1"]
[WhiteCountry "POL"]
[BlackCountry "BUL"]
[WhiteElo "1881"]
[WhiteRD "80"]
[BlackElo "2218"]
[BlackRD "63"]
[GameID "199648"]

1. e4 e5 2. f4 exf4 3. Nf3 g5 4. Bc4 Bg7 5. O-O d6 6. d4 h6 7. c3 Nc6 8. g3 Bh3 9. gxf4 Bxf1 10. Qxf1 g4
11. Ne1 Qe7 12. Qg2 f5 13. e5 dxe5 14. fxe5 Bxe5 15. Nd3 Bd6 16. Nf2 Qe1+ 17. Bf1 Qxc1
0-1

[Event "Standard Master Norm 30+1 (1800-2200)"]
[Site "SchemingMind.com"]
[Date "2009.04.08"]
[Round "-"]
[White "sthorwall"]
[Black "n_antonov"]
[Result "1/2-1/2"]
[WhiteCountry "USA"]
[BlackCountry "BUL"]
[WhiteElo "1839"]
[WhiteRD "57"]
[BlackElo "2218"]
[BlackRD "63"]
[GameID "199649"]

1. e4 c5 2. Nf3 d6 3. d4 cxd4 4. Nxd4 Nf6 5. Nc3 a6 6. h3 e6 7. Be2 Be7 8. O-O Bd7 9. Qd3 Nc6 10. Nxc6 Bxc6
11. a4 O-O 12. a5 d5 13. exd5 Nxd5 14. Nxd5 Qxd5 15. Qxd5 Bxd5=
1/2-1/2